Drahá symbióza se soukromníky

Problémy portugalského zdravotníctva. Porovnanie výdajov na zdravotníctvo v Portugalsku a v krajinách OECD. Základné piliere portugalského zdravotného systému. Slabá efektívnosť a nedostatočné výkony. Možné alternatívy budúceho usporiadania zdravotného systému v Portugalsku.

Gespeichert in:
Bibliographische Detailangaben
1. Verfasser: Dostálová, Ivana
Format: Buchkapitel
Sprache:Tschechisch
Schlagworte:
Tags: Tag hinzufügen
Keine Tags, Fügen Sie das erste Tag hinzu!

MARC

LEADER 00000naa a2200000 4500
001 r034259
005 20230920095723.6
041 0 |a cze 
044 |a CZ 
245 1 0 |a Drahá symbióza se soukromníky  |c Ivana Dostálová 
520 |a Problémy portugalského zdravotníctva. Porovnanie výdajov na zdravotníctvo v Portugalsku a v krajinách OECD. Základné piliere portugalského zdravotného systému. Slabá efektívnosť a nedostatočné výkony. Možné alternatívy budúceho usporiadania zdravotného systému v Portugalsku. 
610 2 0 |a zdravotníctvo verejné 
610 2 0 |a Portugalsko 
610 2 0 |a výdavky verejné 
610 2 0 |a starostlivosť zdravotná 
610 2 0 |a lekári 
610 2 0 |a mzdy 
610 2 0 |a efektívnosť 
610 2 0 |a výkonnosť 
100 1 |a Dostálová, Ivana